Sanat - "Lanka" - Jenni Vartiainen - Statistics

Yleistilastot
  • Tätä visaa on pelattu 38 kertaa
  • Keskiarvotulos 114 / 178
Vastaustilastot
Vastaus % Oikein
ei
100%
lanka
100%
on
100%
93%
jota
87%
87%
meidän
87%
välillä
87%
katkeematon
83%
saa
80%
poikki
73%
maalliset
70%
en
67%
et
67%
terät
67%
Kun
63%
kun
63%
niin
63%
oo
63%
voima
63%
näkymätön
60%
oon
60%
vahva
60%
yksi
60%
yksin
60%
että
57%
oot
57%
pelottaa
57%
valvoo
57%
mun
53%
sun
53%
maailma
50%
ovi
50%
oviaan
50%
silloinkin
50%
sulkee
50%
sut
50%
syliin
50%
tarvitse
50%
kaiken
47%
kannan
47%
mut
47%
rinnalla
47%
suljen
47%
yli
47%
auki
43%
kotiin
43%
sytytän
43%
saat
40%
sotiin
40%
sua
40%
tulee
40%
tulen
40%
turvassa
40%
vain
40%
kilven
37%
liian
37%
luokses
37%
maailmaa
37%
multa
37%
niihin
37%
pimeys
37%
tuleen
37%
vaan
37%
varmaa
37%
harhaa
33%
mikä
33%
puoli
33%
sakeaa
33%
uhkaa
33%
vaikk
33%
välissä
33%
kilometrit
30%
nään
30%
ois
30%
joku
27%
päivä
27%
saan
27%
suhun
27%
varmistan
27%
vielä
27%
viimeinen
27%
yhteyden
27%
melkeen
23%
matka
17%
Ehtoja vastaavia visoja ei löytynyt
Tulosjakauma
Jokaisen tuloksen saaneiden osuus
Persentiili vastausten määrän mukaan
Tuloshistoriasi
Et ole pelannut tätä visaa